| 000 | 00937cab a2200253 4500 | ||
|---|---|---|---|
| 001 | WB3318-32 | ||
| 008 | 090401t1997 xxu||||| |||| 00| 0 eng d | ||
| 035 | _a(Sirsi) u78229 | ||
| 041 | _aeng | ||
| 245 | _aFire authorites negligence | ||
| 260 | _c1997 | ||
| 350 | _a0 | ||
| 490 |
_aSolicitors` Journal _v141(17) 2 May 1997, 92-93(1) |
||
| 520 | _aExamines four cases heard together which discussed the liability of the fire brigade for damage to property when they had acted negligently. | ||
| 650 | _aCAPITAL & COUNTIES PLC V HAMPSHIRE CC | ||
| 650 | _aCHURCH OF JESUS CHRIST OF LATTER-DAY SAINTS V WEST YORKSHIRE FIRE | ||
| 650 | _aDIGITAL EQUIPMENT CO LTD B HAMPSHIRE CC | ||
| 650 | _aFIRE AUTHORITIES | ||
| 650 | _aJOHN MUNROE (ACRYLICS) LTD V LONDON FIRE AND CIVIL DEFNECE AUTHORITY | ||
| 650 | _aNEGLIGENCE | ||
| 690 | _aMANAGEMENT-BUSINESS MANAGEMENT-PROFESSIONAL PRACTICE | ||
| 942 | _n0 | ||
| 948 | _c08/05/1997 | ||
| 999 |
_c49231 _d49231 |
||